Ceremonias / (Record no. 8228)
[ view plain ]
| 000 -CABECERA | |
|---|---|
| campo de control de longitud fija | 01191nam a2200253 a 4500 |
| 001 - NÚMERO DE CONTROL | |
| campo de control | 000008457 |
| 005 - FECHA Y HORA DE LA ÚLTIMA TRANSACCIÓN | |
| campo de control | 20200929161338.0 |
| 008 - DATOS DE LONGITUD FIJA--INFORMACIÓN GENERAL | |
| campo de control de longitud fija | 751028s1979 sp 000 f spa d |
| 040 ## - FUENTE DE LA CATALOGACIÓN | |
| Centro catalogador/agencia de origen | DO-SdBNP |
| Centro/agencia transcriptor | spa |
| Centro/agencia modificador | BNPHU |
| 082 ## - NÚMERO DE LA CLASIFICACIÓN DECIMAL DEWEY | |
| Número de clasificación | A863.4 |
| Número de documento/Ítem | C827c, 1979 |
| 049 ## - FONDOS LOCALES (OCLC) | |
| Fondos de biblioteca | BNGR |
| 100 1# - ENTRADA PRINCIPAL--NOMBRE DE PERSONA | |
| Nombre de persona | Cortázar, Julio, |
| Fechas asociadas al nombre | 1914-1984 |
| 9 (RLIN) | 10688 |
| 245 10 - MENCIÓN DE TÍTULO | |
| Título | Ceremonias / |
| Mención de responsabilidad, etc. | Julio Cortázar. |
| 250 ## - MENCIÓN DE EDICIÓN | |
| Mención de edición | 7a ed. |
| 260 ## - PUBLICACIÓN, DISTRIBUCIÓN, ETC. | |
| Lugar de publicación, distribución, etc. | Barcelona : |
| Nombre del editor, distribuidor, etc. | Seix Barral, |
| Fecha de publicación, distribución, etc. | 1979. |
| 300 ## - DESCRIPCIÓN FÍSICA | |
| Extensión | 295 p. ; |
| Dimensiones | 20 cm. |
| 490 1# - MENCIÓN DE SERIE | |
| Mención de serie | Nueva narrativa hispánica |
| 505 0# - NOTA DE CONTENIDO CON FORMATO | |
| Título | Final del juego: |
| -- | I. Continuidad de los parques. -- No se culpe a nadie. -- El río. -- Los venenos. -- La puerta condenada. -- Las ménades. II. El ídolo de las cícladas. -- Una flor amarilla. -- Sobremesa. -- La banda. -- Los amigos. -- El móvi.l -- Torito. III. Relato con un fondo de agua. -- Después del almuerzo. -- Axolotl. -- La noche boca arriba. -- Final del juego. |
| 505 0# - NOTA DE CONTENIDO CON FORMATO | |
| Título | Las armas secretas: |
| -- | Cartas de Mamá. -- Los buenos servicios. -- Las babas del diablo. -- El perseguidor. -- Las armas secretas. |
| 650 #4 - PUNTO DE ACCESO ADICIONAL DE MATERIA--TÉRMINO DE MATERIA | |
| Término de materia o nombre geográfico como elemento de entrada | Novela argentina |
| 9 (RLIN) | 3941 |
| 650 #4 - PUNTO DE ACCESO ADICIONAL DE MATERIA--TÉRMINO DE MATERIA | |
| Término de materia o nombre geográfico como elemento de entrada | Literatura argentina |
| 9 (RLIN) | 3860 |
| 830 #0 - PUNTO DE ACCESO ADICIONAL DE SERIE-TÍTULO UNIFORME | |
| Título uniforme | Nueva narrativa hispánica |
| 9 (RLIN) | 22001 |
| 910 ## - DATOS DE OPCIÓN DEL USUARIO (OCLC) | |
| Datos de opción del usuario | WM |
| Estado de retiro | Estado de pérdida | Restricciones de uso | No para préstamo | Código de colección | Localización permanente | Ubicación/localización actual | Ubicación en estantería | Fecha de adquisición | Número de inventario | Total de préstamos | Signatura topográfica completa | Código de barras | Fecha visto por última vez | Precio válido a partir de | Tipo de ítem Koha |
|---|---|---|---|---|---|---|---|---|---|---|---|---|---|---|---|
| Monografías: Libros y Folletos | General | General | Depósito | 16.09.2009 | LF1 | A863.4 C827c, 1979 | 8457-10 | 25.06.2020 | 25.06.2020 | Préstamo en sala |
